DANDYS WORLD TRIVIA QUIZ - Statistics

General Stats
  • This quiz has been taken 1,511 times
  • The average score is 12 of 15
Answer Stats
Question Answer % Correct
What toons form the fruitcake ship? Cosmo and sprout
98%
Which one of these is an event toon? Flyte
98%
Which one of these is not a main blot
94%
Which one of these toons is NOT an event toon connie
94%
Thats all byeeeeee.(the answer is bye btw) BYYYEEEEEEE
92%
What is the latest toon to come out? Blot
90%
Out of these toons, who has the highest movement speed? Goob
89%
Which toon is mute flutter
84%
Which twisted can steal your machine progress T.astro
84%
who should stay out of the distractors way more? Brightney
83%
Which toon has 1 star skillcheck blot
73%
Which of these toons has the best stamina Scraps
71%
Which toon owns a scrapbook Flyte
64%
Which of these toons is the BEST extractor glisten
56%
Which of these toons has TWO skins (excluding event skins and vintage skins) Rodger
42%
No matching quizzes found
Score Distribution
Percent of People with Each Score
Percentile by Number Answered
Your Score History
You have not taken this quiz